header

Handling the difficult employee (Record no. 171045)

MARC details
000 -LEADER
fixed length control field 01238nam a2200325 a 4500
082 04 - DEWEY DECIMAL CLASSIFICATION NUMBER
Classification number 658.3/045
100 1# - MAIN ENTRY--AUTHOR NAME
Personal name Brounstein, Marty.
245 10 - TITLE STATEMENT
Title Handling the difficult employee
260 ## - PUBLICATION, DISTRIBUTION, ETC. (IMPRINT)
Place of publication Menlo Park, Calif. :
Name of publisher Crisp Publications,
Year of publication c1993.
300 ## - PHYSICAL DESCRIPTION
Number of Pages vii, 76 p. :
Other physical details ill.
490 1# - SERIES STATEMENT
Series statement A Fifty-Minute series book
500 ## - GENERAL NOTE
General note "A practical guide for managers"--Cover.
650 #0 - SUBJECT ADDED ENTRY--TOPICAL TERM
Topical Term Problem employees.
Topical Term Performance.
856 40 - ELECTRONIC LOCATION AND ACCESS
Uniform Resource Identifier http://site.ebrary.com/lib/rucke/Doc?id=10058891

No items available.

© 2026 Rongo University
Contact us: librarian | system librarian | Rongo university